MARC

LEADER 00000nam0a2200000 4500
001 284823
005 20231101235732.0
020 |a RU  |b 85-36093 
035 |a (RuTPU)RU\TPU\book\309010 
090 |a 284823 
100 |a 20150218d1985 km y0rusy5003 ca 
101 0 |a rus 
102 |a BY 
105 |a a z 001zy 
200 1 |a Прогнозирование влияния эксплуатации подземных вод на гидрогеологические условия  |f под ред. А. В. Кудельского 
210 |a Минск  |c Наука и техника  |d 1985 
215 |a 296 с.  |c ил. 
320 |a Библиогр.: с. 283-294 
606 |a Гидрогеологические работы  |x Влияние на окружающую среду  |2 stltpush  |3 (RuTPU)RU\TPU\subj\6626  |9 34460 
610 1 |a подземные воды 
610 1 |a поверхностные воды 
610 1 |a взаимосвязь 
610 1 |a учет 
610 1 |a математические модели 
610 1 |a речной сток 
610 1 |a сокращение 
610 1 |a расчет 
610 1 |a аналитические методы 
610 1 |a отбор 
610 1 |a гидрогеологические процессы 
610 1 |a натурное моделирование 
610 1 |a прогнозирование 
610 1 |a Белоруссия 
675 |a 556.388  |v 3 
702 1 |a Кудельский  |b А. В.  |g Анатолий Викторович  |4 340 
801 0 |a RU  |b RuMRKP  |c 19950704  |g psbo 
801 1 |a RU  |b 63413507  |c 20150218 
801 2 |a RU  |b 63413507  |c 20171206  |g RCR 
942 |c BK